[Event "TUR-chT U12"]
[White "Sanan, Demirhan"]
[Black "Sahin, Sarp"]
[Site "Karaman"]
[Round "4"]
[Result "1/2-1/2"]
[Date "2024.04.22"]
[WhiteElo "1684"]
[BlackElo "2115"]
[PlyCount "85"]
[EventDate "2024.04.21"]
[EventType "team-tourn"]
[EventRounds "9"]
[EventCountry "TUR"]
[SourceTitle "EXT 2025"]
[Source "ChessBase"]
[SourceDate "2024.10.14"]
[SourceVersion "1"]
[SourceVersionDate "2024.10.14"]
[SourceQuality "1"]

1. Nf3 Nf6 2. e3 d5 3. b3 Bf5 4. Bb2 e6 5. Be2 h6 6. 0-0 Nbd7 7. d4 Bd6 8. Nbd2 0-0 9. c4 c6 10. c5 Bc7 11. b4 Qe7 12. b5 e5 13. bxc6 bxc6 14. dxe5 Nxe5 15. Nxe5 Bxe5 16. Bxe5 Qxe5 17. Nf3 Qc7 18. Nd4 Bd7 19. Qa4 Rfb8 20. Rab1 Ne4 21. Qa3 a5 22. Bd3 Nf6 23. h3 Qa7 24. Bc2 Ne8 25. Ba4 Qa6 26. Rfc1 Rb4 27. Rb3 Nf6 28. f3 Re8 29. Kf2 Qb7 30. Rcb1 Rb8 31. Nc2 Rxb3 32. Qxb3 Qxb3 33. Rxb3 Rxb3 34. axb3 Ne8 35. Nd4 Nc7 36. Bxc6 Bxc6 37. Nxc6 Ne6 38. Nxa5 Nxc5 39. b4 Nd3+ 40. Ke2 Nxb4 41. Kd2 Kf8 42. Kc3 Na6 43. Nc6 1/2-1/2

[Event "TUR-ch U07/12"]
[White "Oz, Ege"]
[Black "Sanan, Demirhan"]
[Site "Antalya"]
[Round "7"]
[Result "1-0"]
[Date "2023.01.26"]
[WhiteElo "1574"]
[BlackElo "1091"]
[PlyCount "47"]
[EventDate "2023.01.17"]
[EventType "swiss"]
[EventRounds "10"]
[EventCountry "TUR"]
[SourceTitle "EXT 2024"]
[Source "ChessBase"]
[SourceDate "2023.10.10"]
[SourceVersion "1"]
[SourceVersionDate "2023.10.10"]
[SourceQuality "1"]

1. e4 c5 2. Nf3 g6 3. d4 cxd4 4. Qxd4 Nf6 5. e5 Nc6 6. Qh4 Nxe5 7. Nxe5 Qa5+ 8. Nc3 Qxe5+ 9. Be3 Bg7 10. 0-0-0 0-0 11. Bc4 a6 12. Rhe1 Qa5 13. Bg5 d6 14. Rxe7 Ng4 15. Ne4 Qb4 16. Bb3 d5 17. c3 Qb6 18. Rxd5 Bf5 19. Rd6 Qb5 20. Nf6+ Nxf6 21. Bxf6 Qf1+ 22. Rd1 Bxf6 23. Qxf6 Qxf2 24. Bxf7+ 1-0